Commonwealth roundtable on reconciliation- 1-3May 2013, Marlborough house, London: (Record no. 4633)

MARC details
000 -LEADER
fixed length control field 00614nam a2200157 4500
008 - FIXED-LENGTH DATA ELEMENTS--GENERAL INFORMATION
fixed length control field 240117b |||||||| |||| 00| 0 eng d
082 ## - DEWEY DECIMAL CLASSIFICATION NUMBER
Classification number 303.69
Item number COM
942 ## - ADDED ENTRY ELEMENTS (KOHA)
Item Type Reports
110 ## - MAIN ENTRY--CORPORATE NAME
Corporate Name Commonwealth Secretariat
245 ## - TITLE STATEMENT
Title Commonwealth roundtable on reconciliation- 1-3May 2013, Marlborough house, London:
Sub Title proceedings report
260 ## - PUBLICATION, DISTRIBUTION, ETC. (IMPRINT)
Place of Publication [London]:
Name of Publisher [Commonwealth Secretariat],
Date of Copyright 2013
300 ## - PHYSICAL DESCRIPTION
Extent vi., 43 p.
856 ## - ELECTRONIC LOCATION AND ACCESS
Uniform Resource Identifier <a href="https://production-new-commonwealth-files.s3.eu-west-2.amazonaws.com/migrated/organisation/documents/CRR%20report%20-%20Final.pdf">https://production-new-commonwealth-files.s3.eu-west-2.amazonaws.com/migrated/organisation/documents/CRR%20report%20-%20Final.pdf</a>
650 ## - SUBJECT ADDED ENTRY--TOPICAL TERM
Topical Term RECONCILIATION
650 ## - SUBJECT ADDED ENTRY--TOPICAL TERM
Topical Term Conflict resolution
Holdings
Withdrawn status Lost status Source of classification or shelving scheme Damaged status Not for loan Permanent location Current location Date acquired Total Checkouts Full call number Barcode Date last seen Price effective from Koha item type
    Dewey Decimal Classification     Resource center, Muslim Women's Research And Action Forum Resource center, Muslim Women's Research And Action Forum 2024-01-17   303.69 COM RAF4754 2024-01-17 2024-01-17 Reports

Copyright © 2023 Muslim Women's Research and Action Forum (MWRAF), No 27/3, Anderson Road, Kalubowila, Dehiwela. Funded by The Asia Fundation